Historia de las Misiones del Colegio de Chillán. Precedida de una Reseña acerca de los primitivos Franciscanos en Chile
Wedi'i Gadw mewn:
| Prif Awdur: | |
|---|---|
| Fformat: | Llyfr |
| Iaith: | Sbaeneg |
| Cyhoeddwyd: |
Barcelona
Herederos de Juan Gili
1908
|
| Rhifyn: | 1a. ed |
| Pynciau: | |
| Tagiau: |
Ychwanegu Tag
Dim Tagiau, Byddwch y cyntaf i dagio'r cofnod hwn!
|
MARC
| LEADER | 00000nam a2200000 a 4500 | ||
|---|---|---|---|
| 001 | UCJ6274 | ||
| 003 | CL-VaPUC | ||
| 005 | 20250327093506.0 | ||
| 008 | 070124e19080000SP |||||||||||||||||spa|d | ||
| 999 | |c 322382 |d 322380 | ||
| 040 | |c Pontificia Universidad Católica de Valparaíso | ||
| 082 | 0 | 4 | |a 271 |b LAG |2 21 |
| 100 | |a Lagos, Roberto |e author |9 507363 | ||
| 245 | 1 | 0 | |a Historia de las Misiones del Colegio de Chillán. Precedida de una Reseña acerca de los primitivos Franciscanos en Chile |
| 250 | |a 1a. ed | ||
| 260 | |a Barcelona |b Herederos de Juan Gili |c 1908 | ||
| 300 | |a 595 p | ||
| 500 | |a Anteport.- v. en b.- Port.- v.: Derecho de propiedad y pié de imprenta.- Dedicatoria.- v.: Licencias eclesiásticas.- Un mapa de las misiones franciscanas, al final.- Ilustraciones e iconografía sin indizar.- Advierte errata. En biblioteca sólo vol. 1 | ||
| 583 | |a last modification |c 20070124 00:00:00 |k Rodrigo Vera | ||
| 600 | 0 | 7 | |a COLEGIO DE CHILLAN |2 CL-VaPUC |9 512715 |
| 600 | 0 | 7 | |a CONCILIO LIMENSE |2 CL-VaPUC |9 512716 |
| 600 | 0 | 7 | |a CIUDAD DE LOS CESARES |2 CL-VaPUC |9 512717 |
| 600 | 0 | 7 | |a ALDAY, FRANCISCO J. DE |2 CL-VaPUC |9 512718 |
| 600 | 0 | |a Martínez, Melchor, |c Fray, |9 444784 |d 1762-1840 | |
| 600 | 0 | 7 | |a CRONICON SACRO IMPERIAL |2 CL-VaPUC |9 512720 |
| 600 | 0 | 7 | |a INFORME CRONOLOGICO DE LAS MISIONES DEL REINO DE CHILE |2 CL-VaPUC |9 512721 |
| 600 | 0 | 7 | |a MEMORIA HISTORICA |2 CL-VaPUC |9 512722 |
| 600 | 0 | 7 | |a NUÑEZ, LORENZO |2 CL-VaPUC |9 512723 |
| 600 | 0 | 7 | |a ASCASUBI, MIGUEL |2 CL-VaPUC |9 512724 |
| 600 | 0 | 7 | |a RODRIGUEZ, JERONIMA |2 CL-VaPUC |9 512725 |
| 600 | 0 | 7 | |a ESPIÑEIRA, PEDRO ANGEL DE |2 CL-VaPUC |9 512726 |
| 600 | 0 | 7 | |a QUEIPUL, JUAN |2 CL-VaPUC |9 512727 |
| 600 | 0 | 7 | |a GONZALEZ DE AGUEROS, PEDRO |2 CL-VaPUC |9 512728 |
| 600 | 0 | 7 | |a PEREZ DE ESPINOZA, JUAN |2 CL-VaPUC |9 512729 |
| 600 | 0 | 7 | |a AZUAGA, PEDRO DE |2 CL-VaPUC |9 512730 |
| 600 | 0 | 7 | |a MEDELLIN, DIEGO DE |2 CL-VaPUC |9 512731 |
| 600 | 0 | 7 | |a BARRIONUEVO, FERNANDO DE |2 CL-VaPUC |9 512732 |
| 600 | 0 | 7 | |a ROBLEDA, MARTIN DE |2 CL-VaPUC |9 512733 |
| 600 | 0 | 7 | |a HUMANSORO, DIEGO DE |2 CL-VaPUC |9 512734 |
| 650 | 0 | |a Órdenes religiosas |9 257499 | |
| 650 | 0 | |a Franciscanos |9 267404 | |
| 650 | 0 | |a Misioneros |9 324171 | |
| 650 | 0 | |a Guerra de Arauco |9 267618 | |
| 650 | 0 | |a Araucanos |9 314060 | |
| 650 | 0 | |a Colegios |9 373748 | |
| 650 | 0 | |a Conventos |9 328972 | |
| 650 | 0 | |a Religiosas |9 438133 | |
| 650 | 7 | |a PARLAMENTOS |2 CL-VaPUC |9 383658 | |
| 650 | 7 | |a BIOGRAFIA |2 CL-VaPUC |9 504622 | |
| 650 | 7 | |a LEYENDAS |2 CL-VaPUC |9 265258 | |
| 650 | 0 | |a Independencia |9 344246 | |
| 650 | 7 | |a NECROLOGIA |2 CL-VaPUC |9 504408 | |
| 650 | 0 | |a Iglesia Católica |9 256114 | |
| 650 | 0 | |a Historiografía |9 257871 | |
| 650 | 0 | |a Historiadores |9 314498 | |
| 650 | 0 | |a Fuertes |9 512735 | |
| 650 | 7 | |a HERALDICA |2 CL-VaPUC |9 388228 | |
| 650 | 7 | |a FACSIMILES |2 CL-VaPUC |9 460925 | |
| 650 | 0 | |a Mapas |9 260844 | |
| 650 | 0 | |a Ilustraciones |9 369481 | |
| 651 | 0 | |a Chiloé |9 265209 | |
| 651 | 0 | |a Osorno |9 268936 | |
| 651 | 0 | |a Valdivia (Chile) |9 268941 | |
| 651 | 0 | |a Chillán |9 344249 | |
| 651 | 7 | |a NIEBLA |2 CL-VaPUC |9 512736 | |
| 942 | |c BK |2 ddc | ||
| 945 | |d 20070124 00:00:00 |a rinostro | ||
| 952 | |0 0 |1 0 |4 0 |6 271_000000000000000_LAG_1908 |7 0 |8 X |9 401359 |a FDOBUD |b FDOBUD |d 2019-11-22 |i 1045997 |o 271 LAG 1908 |p 1045997 |r 2019-11-22 |w 2019-11-22 |y BK_X |k BUD | ||